Advanced macroeconomics (Record no. 629325)

MARC details
000 -LEADER
fixed length control field 00735nam a2200253Ia 4500
003 - CONTROL NUMBER IDENTIFIER
control field OSt
005 - DATE AND TIME OF LATEST TRANSACTION
control field 20260128115856.0
008 - FIXED-LENGTH DATA ELEMENTS--GENERAL INFORMATION
fixed length control field 220923b |||||||| |||| 00| 0 eng d
020 ## - INTERNATIONAL STANDARD BOOK NUMBER
International Standard Book Number 9780073511375
037 ## - SOURCE OF ACQUISITION
Terms of availability Textbook
040 ## - CATALOGING SOURCE
Original cataloging agency RTL
Transcribing agency RTL
Language of cataloging eng
041 ## - LANGUAGE CODE
Source of code eng
Language code of text/sound track or separate title eng
084 ## - COLON CLASSIFICATION NUMBER
Classification number X:72 N6;Q2/TD
Assigning agency RTL
100 ## - MAIN ENTRY--PERSONAL NAME
Personal name Romer, David
9 (RLIN) 1112364
245 #0 - TITLE STATEMENT
Title Advanced macroeconomics
250 ## - EDITION STATEMENT
Edition statement 4th
260 ## - PUBLICATION, DISTRIBUTION, ETC.
Place of publication, distribution, etc. New York
Name of publisher, distributor, etc. McGraw-Hill
Date of publication, distribution, etc. 2012
300 ## - PHYSICAL DESCRIPTION
Extent xx, 716 p.
Dimensions cm.
490 ## - SERIES STATEMENT
Series statement McGraw-Hill Series in Economics
500 ## - GENERAL NOTE
General note Bibliography: P 649-85
650 ## - SUBJECT ADDED ENTRY--TOPICAL TERM
Topical term or geographic name entry element Economics
9 (RLIN) 1112365
942 ## - ADDED ENTRY ELEMENTS (KOHA)
Classification part X:72, N6;Q2/TD
Koha item type Textbook
Source of classification or shelving scheme Colon Classification (CC)
Suppress in OPAC No
Holdings
Withdrawn status Lost status Source of classification or shelving scheme Damaged status Not for loan Home library Current library Date acquired Source of acquisition Cost, normal purchase price Total Checkouts Full call number Barcode Date last seen Date last checked out Cost, replacement price Price effective from Koha item type
    Colon Classification (CC)     Ratan Tata Library Ratan Tata Library 2022-09-26 4502, 24/11/2011, RAJKIRAN BOOK AGENCY 2942.33 1 X:72 N6;Q2/TD RTPC11332 2026-04-06 2026-04-02 2942.33 2022-09-26 Textbook
Copyright @ Delhi University Library System